|
|
|
|
| LEADER |
00000nam0a2200000 4500 |
| 001 |
35112 |
| 005 |
20231101210259.0 |
| 035 |
|
|
|a (RuTPU)RU\TPU\book\35533
|
| 035 |
|
|
|a BOOK00002185
|
| 090 |
|
|
|a 35112
|
| 100 |
|
|
|a 20011210d1979 m y0rusy50 ca
|
| 101 |
0 |
|
|a rus
|
| 102 |
|
|
|a RU
|
| 105 |
|
|
|a y j 000zy
|
| 200 |
1 |
|
|a Физические основы электронной техники
|e учебное пособие
|f В. Д. Соболев
|
| 210 |
|
|
|a Москва
|c Высшая школа
|d 1979
|
| 215 |
|
|
|a 448 с.
|
| 606 |
1 |
|
|a Электронная техника
|2 stltpush
|3 (RuTPU)RU\TPU\subj\20376
|9 45485
|
| 610 |
1 |
|
|a электроника
|
| 610 |
1 |
|
|a физические основы
|
| 610 |
1 |
|
|a квантовая механика
|
| 610 |
1 |
|
|a уравнения
|
| 610 |
1 |
|
|a физические явления
|
| 610 |
1 |
|
|a полупроводниковые приборы
|
| 610 |
1 |
|
|a электрические поля
|
| 610 |
1 |
|
|a магнитные поля
|
| 610 |
1 |
|
|a газы
|
| 610 |
1 |
|
|a электрические разряды
|
| 610 |
1 |
|
|a учебные пособия
|
| 675 |
|
|
|a 621.38(075.8)
|v 3
|
| 700 |
|
1 |
|a Соболев
|b В. Д.
|g Вадим Дмитриевич
|
| 801 |
|
0 |
|a RU
|b 63413507
|c 20011210
|g PSBO
|
| 801 |
|
2 |
|a RU
|b 63413507
|c 20201010
|g PSBO
|
| 900 |
|
|
|a Физические основы электроники
|
| 900 |
|
|
|a Вакуумная и плазменная электроника
|
| 942 |
|
|
|c BK
|